Movies Quiz

Random Movies or Computer Quiz
Score 0/10 Timer 06:00
14 Plays Today
% Correct
The Lion King
99%
ET: The Extra Terrestrial
92%
Mrs. Doubtfire
90.8%
The Sixth Sense
87.2%
The Avengers
86.9%
Mary Poppins
85.1%
Shrek
84.4%
Inglourious Basterds
63.8%
Toy Story
51.7%
No Country for Old Men
38.7%

You're not logged in!

Compare scores with friends on all Sporcle quizzes.
OR
Log In

Sporcle TV

Today on Sporcle TV


Watch our educational content, quiz creation guides, and fun videos on Sporcle TV.

Show Comments

Extras

Top Quizzes Today


Score Distribution

Paid Content

Your Account Isn't Verified!

In order to create a playlist on Sporcle, you need to verify the email address you used during registration. Go to your Sporcle Settings to finish the process.

Report this User

Report this user for behavior that violates our Community Guidelines.

Details: